000 00796nam a2200217Ia 4500
001 23363
003 GE_BSU
008 181216s||||||||xx |||||||||||||| ||und||
040 _cGE_BSU
245 _aმართლმსაჯულება და კანონი №2(58) 2018
245 _bმართლმსაჯულების სიახლე
245 _cრედ.ნ.ძიძიგური.
260 _aთბილისი
260 _c2018წელი
300 _a175გვ; 26სმ;
653 _aმართლმსაჯულება და კანონი №2(58) 2018
653 _aმართლმსაჯულების სიახლე
653 _aნაჩუქარი
653 _aპერიოდიკა
942 _cCR
999 _c56261
_d56261